| 000 | 00501nam a2200181Ia 4500 | ||
|---|---|---|---|
| 001 | 16811 | ||
| 005 | 20260306170338.0 | ||
| 008 | 260306t1999||||xx |||||||||||||| ||und|| | ||
| 041 | _aESP | ||
| 082 |
_a657 _bW57 |
||
| 100 |
_aWilliams, Jan R. _eAUT |
||
| 245 | 0 |
_aMiller PCGA (1998-1999): _brespuestas a casos prácticos: reajuste y análisis de otros pronunciamientos corrientes de FASB y AICP |
|
| 260 | _c1999 | ||
| 300 |
_a _c |
||
| 650 | _aGEN | ||
| 654 | _aCCO | ||
| 942 |
_cLIB _dJUS _fJUS _2ddc _n |
||
| 999 |
_c16811 _d16811 |
||